A szovjet és a kereszténység

Elmentve itt :
Bibliográfiai részletek
Szerző: Borbély István
Dokumentumtípus: Cikk
Megjelent: 1943
Sorozat:Délvidéki szemle 2
Kulcsszavak:Vallástörténet - Szovjetunió
Tárgyszavak:
Online Access:http://acta.bibl.u-szeged.hu/19309
LEADER 00671nab a2200193 i 4500
001 acta19309
005 20251014083616.0
008 161015s1943 hu o 000 hun d
040 |a SZTE Egyetemi Kiadványok Repozitórium  |b hun 
041 |a hun 
100 1 |a Borbély István 
245 1 2 |a A szovjet és a kereszténység  |h [elektronikus dokumentum] /  |c  Borbély István 
260 |c 1943 
300 |a 345-356 
490 0 |a Délvidéki szemle  |v 2 
650 4 |a Bölcsészettudományok 
650 4 |a Történettudomány és régészet 
695 |a Vallástörténet - Szovjetunió 
856 4 0 |u http://acta.bibl.u-szeged.hu/19309/1/delvideki_szemle_002_345-356.pdf  |z Dokumentum-elérés